| 000 | 00466nam a22001577a 4500 | ||
|---|---|---|---|
| 003 | LC | ||
| 005 | 20160105093343.0 | ||
| 008 | 160105b xxu||||| |||| 00| 0 eng d | ||
| 050 | _aQD 40 .B877 2008 | ||
| 100 | _aBrown, Tony | ||
| 245 |
_aIB chemistry : _boption g - further organic chemistry HL/SL : revision guide _cTony Brown |
||
| 250 | _a2nd edition | ||
| 260 |
_aUnited Kingdom : _bOSC, _c2008 |
||
| 300 |
_a26 pages., _bill.; _c26 cm. |
||
| 942 |
_2lcc _cBK |
||
| 999 |
_c289032 _d289032 |
||